[Event "II Open A"]
[Site "Alba Adriatica ITA"]
[Date "2009.05.30"]
[Round "1"]
[White "Crippa, Mario"]
[Black "Tribuiani, Renato"]
[Result "0-1"]
[WhiteElo "1840"]
[BlackElo "2078"]
[PlyCount "76"]
[EventDate "2009.05.30"]

1. e4 Nc6 2. d4 d5 3. e5 Bf5 4. Bb5 a6 5. Bxc6+ bxc6 6. Nf3 e6 7. O-O h6 8. Be3
g5 9. Nbd2 Ne7 10. b3 Ng6 11. c4 Bd3 12. Re1 g4 13. cxd5 cxd5 14. Nf1 Bxf1 15.
Nd2 Bd3 16. Qxg4 h5 17. Qd1 Bb4 18. a3 Be7 19. Nf3 Bf5 20. Qd2 Nh4 21. Ng5 Rg8
22. f4 Be4 23. Re2 Bxg5 24. fxg5 Bxg2 25. Qc1 Be4 26. Rf2 Nf3+ 27. Kf1 Bd3+ 28.
Kg2 Nxg5 29. Rf4 Rb8 30. b4 Ne4+ 31. Kh1 Ng5 32. Qc6+ Qd7 33. Rc1 Be4+ 34. Rxe4
Nxe4 35. Qxa6 Ke7 36. Qa7 c6 37. Qa6 Ra8 38. Qd3 Qb7 0-1

[Event "II Open A"]
[Site "Alba Adriatica ITA"]
[Date "2009.05.30"]
[Round "1"]
[White "Di Lascio, Savino"]
[Black "Mrdja, Milan"]
[Result "0-1"]
[WhiteElo "1954"]
[BlackElo "2431"]
[PlyCount "80"]
[EventDate "2009.05.30"]

1. e4 Nf6 2. e5 Nd5 3. d4 d6 4. c4 Nb6 5. f4 dxe5 6. fxe5 c5 7. d5 e6 8. Nc3
exd5 9. cxd5 c4 10. d6 Nc6 11. Nb5 Qh4+ 12. g3 Qe4+ 13. Qe2 Bf5 14. Bg5 Nxe5
15. Bg2 Nd3+ 16. Kf1 Qxe2+ 17. Nxe2 Rb8 18. Ned4 Be6 19. Nc6 Bxd6 20. Nxd6+ Kd7
21. Nxb8+ Kxd6 22. Be4 Nd5 23. Ke2 h6 24. Bd2 Rxb8 25. Bxd3 Bg4+ 26. Kf2 cxd3
27. Rac1 Re8 28. Rhe1 Be2 29. Rc4 g5 30. b4 Nf6 31. Rd4+ Kc7 32. Rc1+ Kb8 33.
h3 Ne4+ 34. Rxe4 Rxe4 35. Rc5 Bh5 36. g4 Re2+ 37. Kf1 Bxg4 38. Bf4+ gxf4 39.
hxg4 f3 40. Rd5 d2 0-1

[Event "II Open A"]
[Site "Alba Adriatica ITA"]
[Date "2009.05.30"]
[Round "1"]
[White "Di Martino, Antonio"]
[Black "Lauria, Amilcare"]
[Result "1/2-1/2"]
[WhiteElo "1865"]
[BlackElo "2139"]
[PlyCount "39"]
[EventDate "2009.05.30"]

1. e4 c5 2. Nf3 e6 3. d4 cxd4 4. Nxd4 a6 5. a3 Nf6 6. Nc3 Qc7 7. Be2 b5 8. Be3
Bb7 9. f3 d6 10. Qd2 Nbd7 11. O-O Be7 12. Kh1 O-O 13. Rac1 Rac8 14. Rfd1 Ne5
15. Qe1 Kh8 16. Qf2 Nc4 17. Bxc4 Qxc4 18. Nb3 Qc7 19. Bb6 Qb8 20. Ba7 1/2-1/2

[Event "II Open A"]
[Site "Alba Adriatica ITA"]
[Date "2009.05.30"]
[Round "1"]
[White "Giacchetti, Lorenzo"]
[Black "Luigini, Ottavio"]
[Result "1-0"]
[WhiteElo "1834"]
[BlackElo "2055"]
[PlyCount "86"]
[EventDate "2009.05.30"]

1. e4 c6 2. d4 d5 3. exd5 cxd5 4. c4 Nf6 5. Nc3 e6 6. Nf3 Bb4 7. Be2 O-O 8. Bg5
Be7 9. O-O Nc6 10. Ne5 dxc4 11. Nxc6 bxc6 12. Bxc4 Qa5 13. Be3 Rd8 14. Qf3 Qb4
15. Bb3 Bb7 16. Qg3 Rd7 17. Rad1 Rad8 18. Rd2 c5 19. Rfd1 cxd4 20. Rxd4 Rxd4
21. Rxd4 Rxd4 22. Bxd4 Qxd4 23. Qb8+ Bf8 24. Qxb7 Ng4 25. Qf3 Qe5 26. g3 Qe1+
27. Kg2 h5 28. Ne4 Ne5 29. Qf4 Ng6 30. Qf3 h4 31. Ng5 Ne5 32. Qh5 Bc5 33. Nh3
Qe4+ 34. Kf1 hxg3 35. hxg3 g6 36. Qh4 Qxh4 37. gxh4 Nf3 38. h5 gxh5 39. Bd1
Nh2+ 40. Kg2 Ng4 41. Kg3 f5 42. f3 Bd6+ 43. Kh4 Nf2 1-0

[Event "II Open A"]
[Site "Alba Adriatica ITA"]
[Date "2009.05.30"]
[Round "1"]
[White "Lalic, Bogdan"]
[Black "Marozzi, Giovanni"]
[Result "1-0"]
[WhiteElo "2508"]
[BlackElo "2003"]
[PlyCount "129"]
[EventDate "2009.05.30"]

1. Nf3 d6 2. d4 Nd7 3. c4 e5 4. e4 Ngf6 5. Nc3 Be7 6. Be2 O-O 7. O-O Re8 8. Qc2
c6 9. Rd1 Qc7 10. Bg5 h6 11. Bh4 Nf8 12. d5 Ng6 13. Bxf6 Bxf6 14. dxc6 bxc6 15.
c5 dxc5 16. g3 Nf8 17. Na4 Ne6 18. Nxc5 Nxc5 19. Qxc5 Qb6 20. Qc3 Bh3 21. Rd6
Rab8 22. b3 Qb4 23. Qxb4 Rxb4 24. Bc4 Rb6 25. Rc1 Bg4 26. Kg2 Kf8 27. h3 Bc8
28. Ne1 Rd8 29. Rxd8+ Bxd8 30. Nd3 f6 31. f4 exf4 32. gxf4 Be7 33. f5 Bd6 34.
Kf3 Ba6 35. Ke3 Bxc4 36. Rxc4 Ke7 37. Kd4 Kd7 38. Rc2 Ke7 39. Rg2 Kf7 40. Kc4
a5 41. Kd4 Rb5 42. Rc2 Rb6 43. Nc5 g5 44. fxg6+ Kxg6 45. Ne6 Rb4+ 46. Kd3 Rb6
47. Nd4 c5 48. Nf5 Bf8 49. Ne3 Ra6 50. Rg2+ Kf7 51. a4 Rb6 52. Kc2 Re6 53. Nc4
Ra6 54. Rd2 Ke6 55. Rd8 Kf7 56. Rb8 Re6 57. Kd3 Ra6 58. Rb5 Bd6 59. Rxa5 Rxa5
60. Nxa5 Bc7 61. Nb7 Bb6 62. a5 Ba7 63. Kc4 Ke6 64. Nxc5+ Ke5 65. b4 1-0

[Event "II Open A"]
[Site "Alba Adriatica ITA"]
[Date "2009.05.30"]
[Round "1"]
[White "Lantini, Marco"]
[Black "Antonelli, Alessandro"]
[Result "1-0"]
[WhiteElo "2204"]
[BlackElo "1915"]
[PlyCount "65"]
[EventDate "2009.05.30"]

1. d4 Nf6 2. c4 g6 3. Nc3 d5 4. cxd5 Nxd5 5. Bd2 Bg7 6. e4 Nxc3 7. Bxc3 O-O 8.
Qd2 b6 9. Rc1 c5 10. d5 Nd7 11. Bxg7 Kxg7 12. f4 Bb7 13. e5 Rc8 14. Nf3 a6 15.
a4 Nb8 16. Rd1 c4 17. Be2 b5 18. a5 Nd7 19. e6 Nc5 20. exf7 Rxf7 21. Ng5 Rf6
22. O-O Nb3 23. Qe3 Qd6 24. Ne4 Qd8 25. Nxf6 exf6 26. d6 Nxa5 27. Bf3 Bxf3 28.
Qxf3 Nc6 29. Rfe1 Qb6+ 30. Kh1 Rd8 31. Qd5 a5 32. d7 Rf8 33. Re6 1-0

[Event "II Open A"]
[Site "Alba Adriatica ITA"]
[Date "2009.05.30"]
[Round "1"]
[White "Ljubisavljevic, Zivojin Z."]
[Black "Pierantozzi, Stanislao"]
[Result "0-1"]
[WhiteElo "2278"]
[BlackElo "1950"]
[PlyCount "114"]
[EventDate "2009.05.30"]

1. b3 e5 2. Bb2 Nc6 3. e3 d5 4. Bb5 Bd6 5. Nf3 Qe7 6. d4 e4 7. Ne5 Bd7 8. Nxd7
Qxd7 9. c4 Nf6 10. Nd2 Qf5 11. Qe2 a6 12. Bxc6+ bxc6 13. h3 O-O 14. a4 Qg5 15.
O-O Rfe8 16. Ba3 Bxa3 17. Rxa3 Re6 18. cxd5 cxd5 19. Ra2 Ne8 20. Rc2 Rg6 21. f4
Qf5 22. Kh2 Rb8 23. g4 Qd7 24. Qg2 Rbb6 25. f5 Rgc6 26. Rfc1 Rxc2 27. Rxc2 h5
28. Qg3 Rc6 29. Rc5 Rxc5 30. dxc5 hxg4 31. hxg4 Qc6 32. Qe5 Nf6 33. Kh3 Qxc5
34. Qd4 Qc1 35. Kg2 Qd1 36. b4 Qe2+ 37. Kg3 Qxg4+ 38. Kf2 Qxf5+ 39. Ke1 Ng4 40.
Kd1 Qe5 41. b5 axb5 42. Qxe5 Nxe5 43. a5 Nc6 44. a6 Na7 45. Kc2 Kf8 46. Kc3 Ke7
47. Nb3 g5 48. Nd4 c5 49. Nf5+ Kd7 50. Nh6 Ke6 51. Kd2 b4 52. Kc2 f5 53. Kb3 f4
54. Ng4 Kd6 55. Ka4 Kc7 56. Nf6 Kc6 57. Ng4 f3 0-1

[Event "II Open A"]
[Site "Alba Adriatica ITA"]
[Date "2009.05.30"]
[Round "1"]
[White "Piscitelli, Vito"]
[Black "Barnabei, Stefano"]
[Result "1-0"]
[WhiteElo "2047"]
[BlackElo "1742"]
[PlyCount "81"]
[EventDate "2009.05.30"]

1. e4 c5 2. Nc3 d6 3. f4 a6 4. a4 Nc6 5. Nf3 e6 6. Bc4 Nf6 7. Ba2 Be7 8. O-O
O-O 9. d3 Bd7 10. Kh1 Qc7 11. Qe1 Kh8 12. h3 Nd4 13. Qf2 Nxf3 14. Qxf3 b5 15.
Bb1 b4 16. Nd1 a5 17. Ne3 Bc6 18. Qf2 d5 19. e5 Ne8 20. c3 f6 21. d4 cxd4 22.
cxd4 fxe5 23. dxe5 Bc5 24. Qc2 g6 25. Qxc5 Rg8 26. Ng4 Bb7 27. Qxc7 Nxc7 28.
Be3 Ne8 29. Rc1 Ng7 30. Nf6 Rgc8 31. Bd3 Ne8 32. Nxe8 Rxe8 33. Rc7 Ba6 34. Bxa6
Rxa6 35. Rac1 Raa8 36. R1c6 Kg8 37. Bc5 Rad8 38. Be7 Ra8 39. Bf6 h5 40. Rg7+
Kf8 41. Rcc7 1-0

[Event "II Open A"]
[Site "Alba Adriatica ITA"]
[Date "2009.05.30"]
[Round "1"]
[White "Santurbano, Maria Vincenza"]
[Black "D'Angelo, Angelo"]
[Result "1/2-1/2"]
[WhiteElo "1929"]
[BlackElo "2249"]
[PlyCount "81"]
[EventDate "2009.05.30"]

1. e4 c5 2. Nf3 a6 3. d4 cxd4 4. Nxd4 Nf6 5. e5 Qa5+ 6. Nc3 Qxe5+ 7. Be2 e6 8.
O-O Be7 9. Bf3 Nc6 10. Nxc6 bxc6 11. Re1 Qc7 12. g3 Rb8 13. Bf4 d6 14. Na4 O-O
15. c4 c5 16. b3 Bd7 17. Nc3 Bc6 18. g4 h6 19. h4 Nh7 20. Ne4 e5 21. Bg3 Qb7
22. Qe2 f5 23. gxf5 Rxf5 24. Bg4 Rff8 25. Be6+ Kh8 26. Rad1 Bxe4 27. Qxe4 Qxe4
28. Rxe4 Nf6 29. Re3 Nh5 30. Bd7 Nf4 31. Bc6 Ng6 32. Re4 Rf5 33. Rg4 Nf4 34.
Be4 Rf7 35. Bxf4 Rxf4 36. Rxf4 exf4 37. Kg2 a5 38. Bg6 Rd8 39. h5 Bf6 40. Kf3
Bd4 41. Ke4 1/2-1/2

[Event "II Open A"]
[Site "Alba Adriatica ITA"]
[Date "2009.05.30"]
[Round "1"]
[White "Scipioni, Gaetano"]
[Black "Silvestri, Giorgio"]
[Result "1-0"]
[WhiteElo "2060"]
[BlackElo "1838"]
[PlyCount "91"]
[EventDate "2009.05.30"]

1. d4 Nf6 2. Nf3 g6 3. c4 Bg7 4. Nc3 O-O 5. Bf4 d6 6. e3 Nbd7 7. Be2 Nh5 8. Bg5
Nhf6 9. Qc2 c5 10. d5 Re8 11. Rd1 a6 12. h3 Rb8 13. O-O Nf8 14. Bf4 Qa5 15. e4
Qd8 16. e5 Nh5 17. Bh2 Bf5 18. Qd2 Qd7 19. g4 Bxg4 20. hxg4 Qxg4+ 21. Kh1 Qh3
22. Rg1 h6 23. Qe3 b5 24. cxb5 axb5 25. Bxb5 Red8 26. Bf1 Qd7 27. b3 Rb4 28. e6
fxe6 29. dxe6 Qa7 30. Nd5 Rb7 31. Bd3 Qxa2 32. Bxg6 Nxg6 33. Rxg6 Qxb3 34. Qxb3
Rxb3 35. Nxe7+ Kf8 36. Nf5 Kg8 37. Kg2 c4 38. Nxd6 c3 39. e7 Ra8 40. e8=Q+ Rxe8
41. Nxe8 Kf7 42. Rxg7+ Nxg7 43. Nxg7 Kxg7 44. Be5+ Kg6 45. Rc1 h5 46. Rxc3 1-0

[Event "II Open A"]
[Site "Alba Adriatica ITA"]
[Date "2009.05.31"]
[Round "2"]
[White "Antonelli, Alessandro"]
[Black "Crippa, Mario"]
[Result "1/2-1/2"]
[WhiteElo "1915"]
[BlackElo "1840"]
[PlyCount "128"]
[EventDate "2009.05.30"]

1. e4 c5 2. Nf3 d6 3. c4 Nc6 4. d4 cxd4 5. Nxd4 g6 6. Be2 Bg7 7. Be3 Nf6 8. Nc3
O-O 9. O-O Bd7 10. f3 Nxd4 11. Bxd4 Bc6 12. Qd2 Qa5 13. Rfd1 e6 14. Rab1 Rfd8
15. b4 Qc7 16. Rdc1 b6 17. Nd5 Bxd5 18. cxd5 Qe7 19. dxe6 fxe6 20. Rc6 d5 21.
e5 Nd7 22. f4 Rac8 23. Rbc1 Rxc6 24. Rxc6 Nb8 25. Rc2 Qd7 26. Qc1 Bf8 27. a3
Re8 28. Rc7 Qa4 29. Bb2 a5 30. bxa5 Bc5+ 31. Kh1 Qxa5 32. h3 Qa4 33. Bg4 Nc6
34. Qd1 Qxd1+ 35. Bxd1 Na5 36. a4 Nc4 37. Bc1 Be3 38. Rxc4 dxc4 39. Bxe3 c3 40.
Bc2 Rb8 41. Kh2 b5 42. axb5 Rxb5 43. Bc1 Ra5 44. Kg3 Kf7 45. Kf3 Ra1 46. Be3
Ra2 47. Bd3 Ke7 48. g3 c2 49. Ke4 Ra4+ 50. Kf3 Ra2 51. g4 Kf7 52. f5 Rb2 53. f6
h5 54. gxh5 gxh5 55. Ke4 Rb4+ 56. Kf3 Rb2 57. Bf4 Ra2 58. Be4 Ra3+ 59. Ke2 Ra4
60. Kd3 h4 61. Bc1 Ra5 62. Kxc2 Rxe5 63. Bf3 Rc5+ 64. Kd1 Rxc1+ 1/2-1/2

[Event "II Open A"]
[Site "Alba Adriatica ITA"]
[Date "2009.05.31"]
[Round "2"]
[White "Barnabei, Stefano"]
[Black "Di Lascio, Savino"]
[Result "0-1"]
[WhiteElo "1742"]
[BlackElo "1954"]
[PlyCount "80"]
[EventDate "2009.05.30"]

1. e4 c6 2. d4 d5 3. exd5 cxd5 4. Nc3 g6 5. Be3 Bg7 6. Nf3 Nc6 7. h3 Nh6 8. Bb5
O-O 9. Bxc6 bxc6 10. O-O Nf5 11. Qd2 Qa5 12. Ne2 Qxd2 13. Bxd2 Ba6 14. Rfe1
Rfe8 15. c3 f6 16. Nc1 e5 17. Nb3 e4 18. Nh2 Rad8 19. Nc5 Bc8 20. Nf1 Nh4 21.
Kh1 g5 22. Ng3 h6 23. Nh5 f5 24. Nxg7 Kxg7 25. Re2 f4 26. b4 Nxg2 27. Bc1 f3
28. Rc2 Bxh3 29. a4 e3 30. fxe3 Nxe3 31. Bxe3 Rxe3 32. b5 Rc8 33. Kg1 Bf5 34.
Kf2 Ree8 35. Rb2 g4 36. bxc6 Rxc6 37. Rb7+ Kg6 38. Rxa7 Re2+ 39. Kf1 g3 40. Kg1
Bh3 0-1

[Event "II Open A"]
[Site "Alba Adriatica ITA"]
[Date "2009.05.31"]
[Round "2"]
[White "D'Angelo, Angelo"]
[Black "Giacchetti, Lorenzo"]
[Result "1-0"]
[WhiteElo "2249"]
[BlackElo "1834"]
[PlyCount "39"]
[EventDate "2009.05.30"]

1. e4 c5 2. Nf3 Nc6 3. Bb5 g6 4. O-O Bg7 5. c3 d6 6. h3 Nf6 7. Re1 Bd7 8. d4
cxd4 9. cxd4 O-O 10. Nc3 Qb6 11. e5 Ne8 12. a4 e6 13. Be3 Qc7 14. Bf4 dxe5 15.
dxe5 Rd8 16. Bg5 Rc8 17. Rc1 a6 18. Bf1 Nxe5 19. Nxe5 Bxe5 20. Nd5 1-0

[Event "II Open A"]
[Site "Alba Adriatica ITA"]
[Date "2009.05.31"]
[Round "2"]
[White "Lauria, Amilcare"]
[Black "Santurbano, Maria Vincenza"]
[Result "1/2-1/2"]
[WhiteElo "2139"]
[BlackElo "1929"]
[PlyCount "48"]
[EventDate "2009.05.30"]

1. f4 e5 2. d3 Nc6 3. Nf3 exf4 4. Bxf4 Qf6 5. Qc1 Bc5 6. e4 d6 7. c3 Bg4 8. Be2
h6 9. Rf1 O-O-O 10. Bg3 Qe7 11. Qc2 f5 12. Nbd2 Nf6 13. O-O-O Rhe8 14. d4 Bb6
15. h3 Bh5 16. e5 dxe5 17. Qxf5+ Kb8 18. Bxe5 Nxe5 19. dxe5 Bxf3 20. Bxf3 Qxe5
21. Qxe5 Rxe5 22. Nc4 Ree8 23. Rxd8+ Rxd8 24. Nxb6 axb6 1/2-1/2

[Event "II Open A"]
[Site "Alba Adriatica ITA"]
[Date "2009.05.31"]
[Round "2"]
[White "Luigini, Ottavio"]
[Black "Di Martino, Antonio"]
[Result "1/2-1/2"]
[WhiteElo "2055"]
[BlackElo "1865"]
[PlyCount "101"]
[EventDate "2009.05.30"]

1. c4 e6 2. Nf3 d5 3. g3 Nf6 4. Bg2 Be7 5. O-O O-O 6. d3 Nbd7 7. Nc3 c5 8. cxd5
exd5 9. d4 Re8 10. Bf4 Nf8 11. dxc5 Bxc5 12. Rc1 Ne6 13. Be5 d4 14. Na4 Bd6 15.
Bxd4 Nxd4 16. Nxd4 Be5 17. e3 Bg4 18. Qd2 Rb8 19. h3 Bxd4 20. exd4 Be6 21. Nc5
Bd5 22. Bxd5 Qxd5 23. Nb3 Re7 24. Rfe1 Ne4 25. Qf4 Rbe8 26. Qf3 Qd7 27. h4 Nd2
28. Nxd2 Rxe1+ 29. Rxe1 Rxe1+ 30. Kg2 Qxd4 31. Qxb7 Re8 32. Nf3 Qb6 33. Qd7 Rd8
34. Qe7 h6 35. Ne5 Rf8 36. b4 Qb5 37. a3 Qd5+ 38. Kh2 Qe6 39. Qc5 Re8 40. Nd3
Rd8 41. Nf4 Qb6 42. Qc2 Qd6 43. Kg2 Qd2 44. Qc5 Qd7 45. h5 Qb7+ 46. Kh2 Rd1 47.
Kh3 Qb6 48. Qc8+ Rd8 49. Qc2 Qb5 50. Kg2 Qb7+ 51. Kh2 1/2-1/2

[Event "II Open A"]
[Site "Alba Adriatica ITA"]
[Date "2009.05.31"]
[Round "2"]
[White "Martella, Antonio"]
[Black "Marozzi, Giovanni"]
[Result "1/2-1/2"]
[WhiteElo "1850"]
[BlackElo "2003"]
[PlyCount "102"]
[EventDate "2009.05.30"]

1. d4 d5 2. Nf3 Bf5 3. Bf4 e6 4. e3 Nf6 5. Bd3 Ne4 6. O-O Nc6 7. Bb5 Bd6 8. Ne5
O-O 9. Bxc6 bxc6 10. f3 Bxe5 11. Bxe5 Nd6 12. Nd2 Qg5 13. Bf4 Qg6 14. Rc1 h5
15. Re1 h4 16. c4 Rfb8 17. b3 Ne8 18. Qe2 Rb6 19. Qf2 Qh5 20. h3 g5 21. Be5 f6
22. Bh2 Qf7 23. Rc3 a5 24. Rec1 Qd7 25. cxd5 exd5 26. f4 Nd6 27. fxg5 fxg5 28.
a4 Rf8 29. Qe2 Ne4 30. Nxe4 Bxe4 31. Qg4 Qxg4 32. hxg4 Rf7 33. Be5 Kf8 34. Rf1
Rb7 35. Rf6 Ke8 36. Rfxc6 Rh7 37. Kh2 Rf7 38. Rf6 Ke7 39. Rxf7+ Kxf7 40. Rxc7+
Rxc7 41. Bxc7 Bc2 42. Bxa5 Bxb3 43. Bd8 Bxa4 44. Bxg5 Bc2 45. Bxh4 Kg6 46. Kg3
Be4 47. Bd8 Bd3 48. Kf4 Be4 49. g3 Bg2 50. g5 Be4 51. g4 Bg2 1/2-1/2

[Event "II Open A"]
[Site "Alba Adriatica ITA"]
[Date "2009.05.31"]
[Round "2"]
[White "Mrdja, Milan"]
[Black "Scipioni, Gaetano"]
[Result "1/2-1/2"]
[WhiteElo "2431"]
[BlackElo "2060"]
[PlyCount "38"]
[EventDate "2009.05.30"]

1. e4 d5 2. exd5 Qxd5 3. Nf3 Nf6 4. Nc3 Qa5 5. Bc4 Bg4 6. O-O e6 7. h3 Bh5 8.
d4 c6 9. Re1 Be7 10. Qd3 Bg6 11. Qe2 O-O 12. Bb3 Nbd7 13. Bd2 Qc7 14. Rad1 Rfe8
15. Bg5 Bb4 16. Bxf6 Nxf6 17. Ne5 Nd5 18. Qf3 Qa5 19. Nxd5 Bxe1 1/2-1/2

[Event "II Open A"]
[Site "Alba Adriatica ITA"]
[Date "2009.05.31"]
[Round "2"]
[White "Pierantozzi, Stanislao"]
[Black "Lantini, Marco"]
[Result "1/2-1/2"]
[WhiteElo "1950"]
[BlackElo "2204"]
[PlyCount "122"]
[EventDate "2009.05.30"]

1. d4 Nf6 2. c4 e6 3. Nf3 b6 4. g3 Ba6 5. Nbd2 Bb4 6. Qc2 Bb7 7. Bg2 O-O 8. O-O
Bxd2 9. Bxd2 Be4 10. Qc3 d6 11. Bg5 h6 12. Bxf6 Qxf6 13. Qe3 Bb7 14. b4 Nd7 15.
c5 a5 16. Rac1 bxc5 17. bxc5 Bd5 18. Qa3 dxc5 19. dxc5 c6 20. Rfd1 e5 21. e4
Be6 22. Rd6 Rfc8 23. Bh3 Nf8 24. Qc3 Bxh3 25. Rxf6 gxf6 26. Nh4 Ne6 27. Qe3 Nd4
28. f4 Rab8 29. fxe5 fxe5 30. Nf5 Bxf5 31. exf5 Rb2 32. Rf1 Re2 33. Qxh6 Rb8
34. f6 Ne6 35. Rd1 e4 36. a3 a4 37. g4 e3 38. g5 Rd2 39. Re1 Rbb2 40. Kh1 Rf2
41. Rg1 Rbd2 42. g6 Rxh2+ 43. Qxh2 Rxh2+ 44. Kxh2 fxg6 45. Re1 Kf7 46. Rxe3
Kxf6 47. Re4 Nxc5 48. Rc4 Nd7 49. Rxc6+ Ke5 50. Rxg6 Kd5 51. Rg4 Nb6 52. Rb4
Kc5 53. Kg2 Nc4 54. Rxa4 Kd4 55. Kf2 Kc3 56. Ke2 Kb3 57. Rb4+ Kc3 58. Ra4 Kb3
59. Ra6 Nxa3 60. Kd3 Kb4 61. Ra8 Nb5 1/2-1/2

[Event "II Open A"]
[Site "Alba Adriatica ITA"]
[Date "2009.05.31"]
[Round "2"]
[White "Piscitelli, Vito"]
[Black "Celli, Dario"]
[Result "1/2-1/2"]
[WhiteElo "2047"]
[BlackElo "2108"]
[PlyCount "25"]
[EventDate "2009.05.30"]

1. e4 c6 2. d4 d5 3. e5 Bf5 4. Nf3 e6 5. Be2 Nd7 6. O-O Ne7 7. Na3 a6 8. c3 c5
9. Nc2 Nc6 10. Bd3 Bxd3 11. Qxd3 Be7 12. Be3 O-O 13. h3 1/2-1/2

[Event "II Open A"]
[Site "Alba Adriatica ITA"]
[Date "2009.05.31"]
[Round "2"]
[White "Silvestri, Giorgio"]
[Black "Ljubisavljevic, Zivojin Z."]
[Result "0-1"]
[WhiteElo "1838"]
[BlackElo "2278"]
[PlyCount "48"]
[EventDate "2009.05.30"]

1. d4 Nf6 2. c4 e6 3. Nf3 c5 4. Nc3 cxd4 5. Nxd4 Nc6 6. e3 Nxd4 7. exd4 Be7 8.
Be2 O-O 9. O-O d5 10. Be3 dxc4 11. Bxc4 a6 12. Be2 b5 13. Bf3 Rb8 14. Qe2 Bb7
15. Rfd1 b4 16. Na4 Bxf3 17. Qxf3 Qd5 18. Rdc1 Qxf3 19. gxf3 Nd5 20. Rc6 a5 21.
Rac1 h6 22. f4 Kh7 23. Nc5 Rfc8 24. Ne4 -- 0-1

[Event "II Open A"]
[Site "Alba Adriatica ITA"]
[Date "2009.05.31"]
[Round "2"]
[White "Tribuiani, Renato"]
[Black "Lalic, Bogdan"]
[Result "0-1"]
[WhiteElo "2078"]
[BlackElo "2508"]
[PlyCount "59"]
[EventDate "2009.05.30"]

1. d4 Nf6 2. Bf4 g6 3. e3 Bg7 4. Be2 O-O 5. h4 h5 6. Nh3 d6 7. Ng5 Nc6 8. c3 e5
9. Bg3 Nh7 10. Nxh7 Kxh7 11. dxe5 dxe5 12. Nd2 Qe7 13. e4 Bh6 14. Qc2 Rd8 15.
Rd1 f5 16. f3 Be6 17. Nc4 Rxd1+ 18. Qxd1 Rd8 19. Qa4 a6 20. O-O b5 21. Qxa6
Bxc4 22. Bxc4 Qc5+ 23. Bf2 Qxc4 24. exf5 gxf5 25. a4 e4 26. axb5 e3 27. Bg3 f4
28. Bxf4 Bxf4 29. Qxc6 Qxc6 30. bxc6 0-1

[Event "II Open A"]
[Site "Alba Adriatica ITA"]
[Date "2009.05.31"]
[Round "3"]
[White "Celli, Dario"]
[Black "Pierantozzi, Stanislao"]
[Result "1/2-1/2"]
[WhiteElo "2108"]
[BlackElo "1950"]
[PlyCount "59"]
[EventDate "2009.05.30"]

1. d4 d5 2. c4 c6 3. Nc3 Nf6 4. cxd5 cxd5 5. Bf4 a6 6. e3 e6 7. Bd3 Be7 8. h3
Nbd7 9. Nf3 b5 10. O-O Bb7 11. Ne5 O-O 12. a3 Rc8 13. Nxd7 Qxd7 14. Qf3 Ne8 15.
Qh5 f5 16. Qe2 Nf6 17. Be5 Ne4 18. Bxe4 dxe4 19. Rfc1 Bd6 20. Bxd6 Qxd6 21. Qd2
Rc4 22. Ne2 Rfc8 23. Rxc4 Rxc4 24. Rc1 Bd5 25. Rxc4 Bxc4 26. Qc2 Bxe2 27. Qxe2
Qc6 28. Qd2 Kf7 29. g3 Ke7 30. h4 1/2-1/2

[Event "II Open A"]
[Site "Alba Adriatica ITA"]
[Date "2009.05.31"]
[Round "3"]
[White "Crippa, Mario"]
[Black "Martella, Antonio"]
[Result "0-1"]
[WhiteElo "1840"]
[BlackElo "1850"]
[PlyCount "97"]
[EventDate "2009.05.30"]

1. e4 e6 2. d4 d5 3. Nd2 c5 4. Ngf3 Nf6 5. e5 Nfd7 6. c3 Nc6 7. Bd3 Be7 8. O-O
O-O 9. a3 f5 10. exf6 Bxf6 11. Bb5 Qb6 12. Bxc6 bxc6 13. Re1 cxd4 14. cxd4 Bxd4
15. Nxd4 Qxd4 16. Qe2 Nf6 17. Nf3 Qg4 18. h3 Qh5 19. Ne5 Qxe2 20. Rxe2 Bb7 21.
f3 c5 22. Bg5 Rac8 23. Rae1 Ba6 24. Rc2 Rc7 25. Rec1 Rfc8 26. Be3 c4 27. Bd4
Nd7 28. Nxd7 Rxd7 29. Re1 Re8 30. Rc3 Kf7 31. f4 g6 32. g4 Bb5 33. Rce3 Rb7 34.
Kf2 Ba4 35. h4 Bc2 36. h5 Be4 37. hxg6+ Kxg6 38. Rh3 Rf7 39. Be5 Ref8 40. Ke3
Bg2 41. Rh5 Rxf4 42. Bxf4 d4+ 43. Kxd4 Rxf4+ 44. Kc3 Rxg4 45. Ra5 Bd5 46. Re3
h5 47. Rxa7 h4 48. Re7 Rg3 49. Kd2 0-1

[Event "II Open A"]
[Site "Alba Adriatica ITA"]
[Date "2009.05.31"]
[Round "3"]
[White "Di Lascio, Savino"]
[Black "Lauria, Amilcare"]
[Result "0-1"]
[WhiteElo "1954"]
[BlackElo "2139"]
[PlyCount "98"]
[EventDate "2009.05.30"]

1. b4 d6 2. Bb2 e5 3. d3 Nf6 4. Nf3 Be7 5. g3 O-O 6. Bg2 c6 7. c4 Bf5 8. O-O
Nbd7 9. Nbd2 h6 10. a4 Qc7 11. e4 Bg4 12. Qb3 a5 13. b5 Nc5 14. Qc2 cxb5 15.
axb5 Rac8 16. h3 Bxf3 17. Bxf3 Ne6 18. Bg4 b6 19. Rad1 Nxg4 20. hxg4 Qd7 21.
Rc1 Bg5 22. Qd1 h5 23. Rc2 h4 24. Kg2 hxg3 25. fxg3 g6 26. Nf3 Be7 27. Nh4 Kg7
28. Qf3 Bg5 29. Rcf2 Bxh4 30. gxh4 f6 31. Kg3 Rf7 32. Qe3 Qc7 33. Bc1 Rh8 34.
Rh1 Qc5 35. Qd2 Nf4 36. Qc3 g5 37. h5 Rd8 38. Kf3 d5 39. Bxf4 dxe4+ 40. dxe4
gxf4 41. h6+ Kh7 42. g5 fxg5 43. Rg2 Rfd7 44. Kg4 Rd3 45. Qb2 Qc8+ 46. Kh5 Rh3+
47. Kxg5 Rxh1 48. Qxe5 Rg8+ 49. Kxf4 Qf8+ 0-1

[Event "II Open A"]
[Site "Alba Adriatica ITA"]
[Date "2009.05.31"]
[Round "3"]
[White "Giacchetti, Lorenzo"]
[Black "Antonelli, Alessandro"]
[Result "0-1"]
[WhiteElo "1834"]
[BlackElo "1915"]
[PlyCount "80"]
[EventDate "2009.05.30"]

1. e4 d5 2. exd5 Qxd5 3. Nc3 Qa5 4. d4 c6 5. Bd2 Bf5 6. Nf3 Nf6 7. Bc4 e6 8.
O-O Qc7 9. Re1 Nbd7 10. Ne5 Nxe5 11. dxe5 Nd5 12. Nxd5 exd5 13. Be2 Be7 14. Bg4
Qd7 15. Bh5 g6 16. Bc3 Be6 17. Bf3 O-O-O 18. b4 h5 19. Qd4 Kb8 20. Bd2 g5 21.
Be3 b6 22. a4 g4 23. Be2 h4 24. Bf4 Rdg8 25. Reb1 Bg5 26. Bxg4 Bxf4 27. Bxe6
Bxh2+ 28. Kxh2 Qxe6 29. Rb3 Rg4 30. Qe3 Rhg8 31. g3 hxg3+ 32. fxg3 Re4 33. Qf3
Rxe5 34. Qf4 Rg4 35. Qf3 Re2+ 36. Kg1 Rge4 37. b5 Qh3 38. bxc6 Re1+ 39. Rxe1
Rxe1+ 40. Kf2 Qf1# 0-1

[Event "II Open A"]
[Site "Alba Adriatica ITA"]
[Date "2009.05.31"]
[Round "3"]
[White "Lalic, Bogdan"]
[Black "Mrdja, Milan"]
[Result "1/2-1/2"]
[WhiteElo "2508"]
[BlackElo "2431"]
[PlyCount "71"]
[EventDate "2009.05.30"]

1. d4 Nf6 2. c4 g6 3. Nc3 Bg7 4. e4 d6 5. Nf3 O-O 6. Be2 c5 7. O-O Nc6 8. d5
Na5 9. Bd2 e5 10. a3 b6 11. Ne1 Bd7 12. b4 Nb7 13. Nd3 Qc7 14. bxc5 Nxc5 15.
Nxc5 bxc5 16. Qc2 a6 17. Rfb1 Rfb8 18. Rxb8+ Rxb8 19. Rb1 Rb6 20. Rb3 Qb7 21.
Rxb6 Qxb6 22. g3 h5 23. Kg2 Kh7 24. Bg5 Ng8 25. h4 Bh6 26. Bxh6 Nxh6 27. Bd1
Kg7 28. Qb3 Qa5 29. Qb2 Bg4 30. f3 Bd7 31. Bc2 f6 32. Kf2 Nf7 33. Bd3 Qc7 34.
Nd1 Qa5 35. Nc3 Qc7 36. Nd1 1/2-1/2

[Event "II Open A"]
[Site "Alba Adriatica ITA"]
[Date "2009.05.31"]
[Round "3"]
[White "Lantini, Marco"]
[Black "Piscitelli, Vito"]
[Result "1/2-1/2"]
[WhiteElo "2204"]
[BlackElo "2047"]
[PlyCount "44"]
[EventDate "2009.05.30"]

1. e4 e5 2. Nf3 Nc6 3. Bb5 Nf6 4. Nc3 Nd4 5. Ba4 Bc5 6. Nxe5 O-O 7. Nd3 Bb6 8.
Nf4 d5 9. Ncxd5 Nxd5 10. Nxd5 Qh4 11. Ne3 f5 12. exf5 Bxf5 13. O-O Rf6 14. Nxf5
Rxf5 15. Bd7 Nf3+ 16. gxf3 Rh5 17. h3 Qg3+ 18. Kh1 Rxh3+ 19. Bxh3 Qxh3+ 20. Kg1
Qg3+ 21. Kh1 Qh3+ 22. Kg1 Rd8 1/2-1/2